000 00557nam a2200205 i 4500
001 23505
003 ES-MaACL
007 t|
008 021210s1982 sp ||||1| spa d
020 _a84-359-0285-4
100 1 _aAlvarez Bravo, Armando.
_920709
245 1 0 _aJuicio de resistencia /
_cArmando Alvarez Bravo.
260 _aMadrid :
_bPlayor,
_c1982.
300 _a116 p. ;
_c19 cm.
490 1 _aNueva poesía
500 _aIndice.
830 0 _aNueva poesía (Playor)
_9180866
852 _aES-MaACL
_jL-9336
_bR.108798
999 _c23505
_d23505